000 00539nam a2200229Ia 4500
005 20260320201107.0
008 008 262003s9999 xx 000 0 eng d
037 _aEBOOK
040 _aCRL
040 _beng
040 _cCRL
041 _2eng
041 _aeng
084 _qCRL
245 0 _aModeling and Design of Secure Internet of Things
260 _bIEEE
260 _c2020
856 _uhttps://ieeexplore.ieee.org/servlet/opac?bknumber=9123990
942 _cEBOOK
999 _c1718835
_d1718835